| 000 | 00413pab a2200145 454500 | ||
|---|---|---|---|
| 008 | 180718b2003 xxu||||| |||| 00| 0 eng d | ||
| 100 | _aGupta, Nikhil Jaiparkash | ||
| 245 | _aComputerization of data for delivery of quality service and revenue earning - a new perspective | ||
| 260 | _c2003 | ||
| 300 | _ap.13-20. | ||
| 362 | _aApr-Jun | ||
| 650 | _aPolice | ||
| 773 | _aIndian Police Journal | ||
| 909 | _a59444 | ||
| 999 |
_c59444 _d59444 |
||